Online
Catalog

Vida de perros y otras llaves de cristal / (Record no. 13337)

MARC details
000 -CABECERA
campo de control de longitud fija 00909nam a2200265 a 4500
001 - NÚMERO DE CONTROL
campo de control 000013724
005 - FECHA Y HORA DE LA ÚLTIMA TRANSACCIÓN
campo de control 20200929163326.0
008 - DATOS DE LONGITUD FIJA--INFORMACIÓN GENERAL
campo de control de longitud fija 091128s1999 sp 001 f spa d
020 ## - NÚMERO INTERNACIONAL ESTÁNDAR DEL LIBRO
Número Internacional Estándar del Libro 8420792381
040 ## - FUENTE DE LA CATALOGACIÓN
Centro catalogador/agencia de origen DO-SdBNP
Lengua de catalogación spa
Centro/agencia transcriptor BNPHU
041 17 - CÓDIGO DE LENGUA
Código de lengua del texto/banda sonora o título independiente spa
Código de lengua original cat
Fuente del código Código de idioma MARC
082 ## - NÚMERO DE LA CLASIFICACIÓN DECIMAL DEWEY
Número de clasificación 849.54
Número de documento/Ítem F995v
049 ## - FONDOS LOCALES (OCLC)
Fondos de biblioteca BNGR
100 1# - ENTRADA PRINCIPAL--NOMBRE DE PERSONA
Nombre de persona Fuster, Jaume,
Fechas asociadas al nombre 1945-1998
9 (RLIN) 31164
240 10 - TÍTULO UNIFORME
Título uniforme Vida de gos i altres claus de vidre,
Lenguaje de la obra español
245 10 - MENCIÓN DE TÍTULO
Título Vida de perros y otras llaves de cristal /
Mención de responsabilidad, etc. Jaume Fauste ; traductor, Cristina García.
260 ## - PUBLICACIÓN, DISTRIBUCIÓN, ETC.
Lugar de publicación, distribución, etc. Madrid :
Nombre del editor, distribuidor, etc. Anaya,
Fecha de publicación, distribución, etc. 1999.
300 ## - DESCRIPCIÓN FÍSICA
Extensión 151, [7] p. ;
Dimensiones 23 cm.
490 1# - MENCIÓN DE SERIE
Mención de serie Espacio abierto
Designación de volumen o secuencia 75
534 ## - NOTA SOBRE LA VERSIÓN ORIGINAL
Frase introductoria Título original en catalán:
Mención de título del original Vida de gos i altres claus de vidre
650 #4 - PUNTO DE ACCESO ADICIONAL DE MATERIA--TÉRMINO DE MATERIA
Término de materia o nombre geográfico como elemento de entrada Novela catalana
9 (RLIN) 19902
650 #4 - PUNTO DE ACCESO ADICIONAL DE MATERIA--TÉRMINO DE MATERIA
Término de materia o nombre geográfico como elemento de entrada Literatura catalana
9 (RLIN) 3128
700 1# - PUNTO DE ACCESO ADICIONAL--NOMBRE DE PERSONA
Nombre de persona García, Cristina,
Término indicativo de función/relación tr.
9 (RLIN) 16833
830 #0 - PUNTO DE ACCESO ADICIONAL DE SERIE-TÍTULO UNIFORME
Título uniforme Espacio abierto ;
Designación de volumen o secuencia 75
9 (RLIN) 21447
Holdings
Estado de retiro Estado de pérdida Restricciones de uso No para préstamo Código de colección Localización permanente Ubicación/localización actual Ubicación en estantería Fecha de adquisición Número de inventario Total de préstamos Signatura topográfica completa Código de barras Fecha visto por última vez Precio válido a partir de Tipo de ítem Koha
    Préstamo interno   Monografías: Libros y Folletos General General En catalogación 28.11.2009 LF1   849.54 F995v 13724-10 25.06.2020 25.06.2020 Préstamo interno

Powered by Koha